Čučoriedkovo ekologicky pestované a ručne zbierané čučoriedky

Vznik a charakteristika startupu Čučoriedkovo. Podnikateľský model Canvas.

Guardado en:
Detalles Bibliográficos
Autor principal: Mišúnová Hudáková, Ivana, 1976-
Formato: Capítulo de libro
Lenguaje:eslovaco
Materias:
Etiquetas: Agregar Etiqueta
Sin Etiquetas, Sea el primero en etiquetar este registro!

MARC

LEADER 00000naa$a2200000$$$4500
001 0271211
005 20240502074248.7
041 0 |a slo 
044 |a SK 
245 1 0 |a Čučoriedkovo  |b ekologicky pestované a ručne zbierané čučoriedky  |c Ivana Mišúnová Hudáková 
520 |a Vznik a charakteristika startupu Čučoriedkovo. Podnikateľský model Canvas. 
610 2 0 |a ovocie 
610 2 0 |a ekológia 
610 2 0 |a poľnohospodárstvo ekologické 
610 2 0 |a prostredie životné 
610 2 0 |a podnikanie 
100 1 |a Mišúnová Hudáková, Ivana, 1976-